000 00645cam a2200229 4500500
005 20260405003336.0
041 _afre
042 _adc
100 1 0 _aOrtoli, Sven
_eauthor
245 0 0 _aMusk-Bezos : la guerre des étoiles
260 _c2021.
500 _a22
690 _aAmazon
690 _aCapitalisme
690 _aConquête spatiale
690 _aElon Musk
690 _aEspace
690 _aJeff Bezos
690 _aMars
786 0 _nPhilosophie magazine | 152 | 9 | 2021-09-01 | p. 13-13 | 1951-1787
856 4 1 _uhttps://shs.cairn.info/magazine-philosophie-magazine-2021-9-page-13?lang=fr&redirect-ssocas=7080
999 _c2066654
_d2066654